Trò diễn dân gian trên đất Thanh Hóa
Khái quát về Thanh Hóa và diện mạo trò diễn dân gian, giới thiệu các trò diễn dân gian Thanh Hóa như: Múa trống, múa tiên, trò tứ linh, múa đèn, chèo chải, chèo chải thôn Cao Mật (Vĩnh Lộc), chèo chải làng Sét, bản chèo chải - Lai Thành - Yên Địn...
שמור ב:
| מחבר ראשי: | |
|---|---|
| פורמט: | ספר |
| שפה: | Undetermined |
| יצא לאור: |
Hà Nội
Văn hóa Dân tộc
2011
|
| נושאים: | |
| תגים: |
הוספת תג
אין תגיות, היה/י הראשונ/ה לתייג את הרשומה!
|
| Thư viện lưu trữ: | Trung tâm Học liệu Trường Đại học Cần Thơ |
|---|
| LEADER | 01205nam a2200205Ia 4500 | ||
|---|---|---|---|
| 001 | CTU_170618 | ||
| 008 | 210402s9999 xx 000 0 und d | ||
| 082 | |a 394.359741 | ||
| 082 | |b L550 | ||
| 100 | |a Lê, Kim Lữ | ||
| 245 | 0 | |a Trò diễn dân gian trên đất Thanh Hóa | |
| 245 | 0 | |c Lê Kim Lữ | |
| 260 | |a Hà Nội | ||
| 260 | |b Văn hóa Dân tộc | ||
| 260 | |c 2011 | ||
| 520 | |a Khái quát về Thanh Hóa và diện mạo trò diễn dân gian, giới thiệu các trò diễn dân gian Thanh Hóa như: Múa trống, múa tiên, trò tứ linh, múa đèn, chèo chải, chèo chải thôn Cao Mật (Vĩnh Lộc), chèo chải làng Sét, bản chèo chải - Lai Thành - Yên Định, chèo chải - Nhân Cao, chèo chải - Đường Thôn (Thiệu Hóa), trò thủy - Cổ Bôn ( Đông Sơn), trò đấu võ, kéo quân xếp chữ, trò ông đúc, bà đúc, trò hà lan, các điệu múa,... | ||
| 650 | |a Văn hóa dân gian,Folklore | ||
| 650 | |z Việt Nam,Vietnam | ||
| 904 | |i Trọng Hải | ||
| 980 | |a Trung tâm Học liệu Trường Đại học Cần Thơ | ||